000 01033nam a2200241Ia 4500
003 Ost
005 20260507075404.0
008 260507s9999||||xx |||||||||||||| ||und||
020 _a5385031977
040 _cfsecg
041 _aara
082 _a500
100 _aحريز، هشام
_eمؤلف
245 0 _aدور إنتاج الطاقة المتجددة في إعادة هيكلة سوق الطاقة /
_c هشام حريز
260 _aالإسكندرية:
_bمكتبة الوفاء القانونية,
_c2014
300 _a267 صفحة؛
_bإيضاحات ؛
_c25 سم
504 _aالمراجع ص.237
520 _aيضم الإطار النظري لهيكل السوق ، دور إنتاج الطاقات المتجددة في إعادة هيكلة سوق الطاقة ، دراسة حالة محطة التوليد الكهرباء بالطاقة الهجينة حاسي الرمل
653 _aالطاقة
653 _aالطاقة- نقل وتوزيع
653 _aالكهرباء
942 _cكتاب
999 _c44293
_d44293